000 00607nam a22001937a 4500
003 0
005 20251126150948.0
008 240923b xxu||||| |||| 00| 0 eng d
020 _a978-81-19920-94-5
050 _aLB 2395.7
_b.Aq78
100 _aAquino, John Michael D.
245 _aVirtual education: dimensions of educational resources
_cAquino, John Michael D.
260 _aNew Delhi India
_bVenus books
_cc2024
300 _axii, 320p. :
_c24cm.
500 _aEducational technology.
500 _aDistance education.
650 _aIncludes bibliographical references and index.
942 _2lcc
_cBK
999 _c366324
_d366324